[Event "IND-ch U19 Girls 46th"]
[Site "Rajahmundry"]
[Date "2016.10.10"]
[Round "4"]
[White "Shalon, Joanne Pais"]
[Black "Harshita, Guddanti"]
[Result "1/2-1/2"]
[WhiteElo "1679"]
[BlackElo "2077"]
[PlyCount "50"]
[EventDate "2016.10.08"]
[EventType "swiss"]
[EventRounds "11"]
[EventCountry "IND"]
[SourceTitle "CBM 175 Extra"]
[Source "ChessBase"]
[SourceDate "2016.12.12"]
[SourceVersion "1"]
[SourceVersionDate "2016.12.12"]
[SourceQuality "1"]

1. e4 e5 2. Nf3 Nc6 3. d4 exd4 4. Nxd4 Bc5 5. Be3 Qf6 6. c3 Nge7 7. Qf3 Nxd4 8. Qxf6 Nc2+ 9. Kd2 gxf6 10. Kxc2 Bxe3 11. fxe3 d5 12. Bd3 dxe4 13. Bxe4 Nf5 14. Re1 Nd6 15. Bd3 Be6 16. Nd2 f5 17. Rf1 0-0-0 18. Nb3 h5 19. Nd4 Rdg8 20. g3 h4 21. Nxf5 Nxf5 22. Bxf5 hxg3 23. Bxe6+ fxe6 24. hxg3 Rxg3 25. Kd3 Kd7 1/2-1/2

[Event "IND-chB (Women) 42nd"]
[Site "Bhayandar"]
[Date "2015.07.08"]
[Round "8"]
[White "Shalon, Joanne Pais"]
[Black "Singh, Neha"]
[Result "0-1"]
[WhiteElo "1761"]
[BlackElo "2020"]
[PlyCount "82"]
[EventDate "2015.07.02"]
[EventType "swiss"]
[EventRounds "11"]
[EventCountry "IND"]
[SourceTitle "CBM 167 Extra"]
[Source "ChessBase"]
[SourceDate "2015.09.14"]
[SourceVersion "1"]
[SourceVersionDate "2015.09.14"]
[SourceQuality "1"]

1. e4 e5 2. Nf3 d6 3. d4 exd4 4. Nxd4 Nf6 5. Nc3 Be7 6. Be2 0-0 7. Be3 Nbd7 8. f4 Re8 9. 0-0 Bf8 10. Bd3 Nc5 11. Qf3 Qe7 12. Ndb5 Nxd3 13. cxd3 a6 14. Nd4 c5 15. Nc2 Bg4 16. Qf2 b5 17. h3 Bd7 18. Rfe1 b4 19. Nd1 a5 20. Bd2 Bb5 21. Qf3 Qb7 22. Nf2 Bc6 23. Qg3 Nd7 24. Ne3 Kh8 25. Rac1 Nb6 26. f5 f6 27. Nfg4 Qf7 28. Ra1 d5 29. e5 Qc7 30. Nc2 Nd7 31. Bf4 fxe5 32. Nxe5 Nxe5 33. Bxe5 Qf7 34. f6 gxf6 35. Bd6 c4 36. Nd4 Qa7 37. Qf2 Bxd6 38. Qxf6+ Qg7 39. Qxg7+ Kxg7 40. Nxc6 cxd3 41. Rxe8 Rxe8 0-1

[Event "IND-chB (Women) 42nd"]
[Site "Bhayandar"]
[Date "2015.07.04"]
[Round "4"]
[White "Shalon, Joanne Pais"]
[Black "Priyanka, Nutakki"]
[Result "0-1"]
[WhiteElo "1761"]
[BlackElo "2043"]
[PlyCount "118"]
[EventDate "2015.07.02"]
[EventType "swiss"]
[EventRounds "11"]
[EventCountry "IND"]
[SourceTitle "CBM 167 Extra"]
[Source "ChessBase"]
[SourceDate "2015.09.14"]
[SourceVersion "1"]
[SourceVersionDate "2015.09.14"]
[SourceQuality "1"]

1. e4 e6 2. Qe2 c5 3. Nf3 Nc6 4. g3 g6 5. Bg2 Bg7 6. c3 Nge7 7. 0-0 d5 8. d3 0-0 9. Na3 b6 10. Re1 Ba6 11. e5 Qc7 12. Bf4 b5 13. Nc2 Rab8 14. Ne3 d4 15. cxd4 cxd4 16. Nc2 Rfd8 17. Rac1 Qb6 18. Bg5 Rd7 19. Na1 Nd5 20. Nb3 Rc7 21. Qe4 h6 22. Bd2 Rd8 23. h4 Bb7 24. a3 Nde7 25. Qg4 Rcc8 26. Kh1 a5 27. Nc5 Nxe5 28. Nxe5 Bxg2+ 29. Kxg2 Rxc5 30. Rxc5 Qxc5 31. Bxa5 Rc8 32. Bb4 Qd5+ 33. Qe4 Qxe4+ 34. Rxe4 Nd5 35. Nf3 Rc2 36. Nxd4 Bxd4 37. Rxd4 f5 38. Kf1 Rxb2 39. Ke1 h5 40. Bd2 Ra2 41. Bc1 Kf7 42. f3 Ke7 43. Bd2 Kd6 44. Bb4+ Kc6 45. f4 Rg2 46. Bf8 Rxg3 47. a4 Rg4 48. axb5+ Kxb5 49. Bh6 Rxh4 50. Rc4 Rg4 51. Kf2 h4 52. Kf3 Rg3+ 53. Ke2 Rg2+ 54. Kf3 Rd2 55. Rc1 Rxd3+ 56. Kf2 Nf6 57. Rh1 h3 58. Bg5 Ne4+ 59. Ke2 Ng3+ 0-1

[Event "IND-chB (Women) 41st"]
[Site "Mapusa"]
[Date "2014.09.12"]
[Round "8"]
[White "Singh, Neha"]
[Black "Shalon, Joanne Pais"]
[Result "1-0"]
[WhiteElo "2048"]
[BlackElo "1722"]
[PlyCount "75"]
[EventDate "2014.09.07"]
[EventType "swiss"]
[EventRounds "11"]
[EventCountry "IND"]
[SourceTitle "CBM 162 Extra"]
[Source "ChessBase"]
[SourceDate "2014.10.17"]
[SourceVersion "1"]
[SourceVersionDate "2014.10.17"]
[SourceQuality "1"]

1. e4 c5 2. Nf3 d6 3. d4 cxd4 4. Nxd4 Nf6 5. Nc3 a6 6. Bg5 e6 7. f4 Be7 8. Qf3 Nbd7 9. 0-0-0 Qc7 10. g4 b5 11. Bd3 Bb7 12. Rhe1 Nc5 13. Kb1 b4 14. Bxf6 Bxf6 15. Nce2 Rc8 16. g5 Be7 17. f5 e5 18. f6 Nxd3 19. cxd3 exd4 20. fxe7 Qxe7 21. Nxd4 g6 22. Qg3 Rc5 23. h4 0-0 24. Nc2 Rb5 25. Ne3 f6 26. gxf6 Rxf6 27. Rf1 Rxf1 28. Rxf1 Rh5 29. Ng4 Kg7 30. Nf6 Re5 31. Qf4 Re6 32. Ng4 Kh8 33. Nh6 Kg7 34. Ng4 Kg8 35. Qe3 Qxh4 36. Nh6+ Kh8 37. Qd4+ Re5 38. Qxd6 1-0